000 00444nmm a2200157Ia 4500
008 251105s9999||||xx |||||||||||||||||und||
020 _a9788498383546
041 _aspa
100 _aGoolrick, Robert
245 0 _aUna esposa de fiar
264 _a[Madrid, España] :
_bEdiciones Salamandra,
_c2012
300 _a288 páginas
650 _aNorth American narrative
856 _uhttps://public.digitaliapublishing.com/a/48166
942 _cCF
999 _c91689
_d91689